<?xml version="1.0" encoding="UTF-8" ?>
<collection xmlns="http://www.loc.gov/MARC21/slim"><record><leader>01361nam a2200313   4500</leader><controlfield tag="001">231537</controlfield><controlfield tag="003">CH-000273-5</controlfield><controlfield tag="005">20260119094734.0</controlfield><datafield tag="020" ind1=" " ind2=" "><subfield code="a">978-3-8296-1057-5</subfield></datafield><datafield tag="040" ind1=" " ind2=" "><subfield code="a">CH-000273-5</subfield><subfield code="b">ger</subfield><subfield code="e">rda</subfield></datafield><datafield tag="041" ind1=" " ind2=" "><subfield code="a">ger</subfield></datafield><datafield tag="100" ind1="1" ind2=" "><subfield code="a">Richter, Gerhard</subfield><subfield code="d">1932-</subfield><subfield code="e">Künstler</subfield><subfield code="4">art</subfield></datafield><datafield tag="245" ind1="1" ind2="0"><subfield code="a">Gerhard Richter</subfield><subfield code="c">herausgegeben von Dieter Schwarz und Nicholas Serota ; mit einem Vorwort von Suzanne Pagé und Beiträgen von Leah Dickerman [und 9 weiteren]</subfield></datafield><datafield tag="264" ind1=" " ind2="1"><subfield code="a">München</subfield><subfield code="b">Schirmer/Mosel</subfield><subfield code="c">[2025]</subfield></datafield><datafield tag="300" ind1=" " ind2=" "><subfield code="a">416 Seiten</subfield><subfield code="b">Illustrationen</subfield><subfield code="c">31 cm</subfield></datafield><datafield tag="336" ind1=" " ind2=" "><subfield code="a">Text</subfield><subfield code="b">txt</subfield><subfield code="2">rdacontent</subfield></datafield><datafield tag="336" ind1=" " ind2=" "><subfield code="a">unbewegtes Bild</subfield><subfield code="b">sti</subfield><subfield code="2">rdacontent</subfield></datafield><datafield tag="337" ind1=" " ind2=" "><subfield code="a">ohne Hilfsmittel zu benutzen</subfield><subfield code="b">n</subfield><subfield code="2">rdamedia</subfield></datafield><datafield tag="338" ind1=" " ind2=" "><subfield code="a">Band</subfield><subfield code="b">nc</subfield><subfield code="2">rdacarrier</subfield></datafield><datafield tag="600" ind1="1" ind2="7"><subfield code="a">Richter, Gerhard</subfield><subfield code="d">1932-</subfield><subfield code="x">Malerei</subfield><subfield code="x">Arbeiten auf Papier</subfield><subfield code="x">Plastik</subfield><subfield code="y">Geschichte 1962-2024</subfield><subfield code="2">gnd</subfield></datafield><datafield tag="655" ind1=" " ind2="7"><subfield code="a">Ausstellungskatalog</subfield><subfield code="x">Fondation Louis Vuitton</subfield><subfield code="y">17.10.2025-02.03.2026</subfield><subfield code="z">Paris</subfield><subfield code="2">gnd-content</subfield></datafield><datafield tag="700" ind1="1" ind2=" "><subfield code="a">Schwarz, Dieter</subfield><subfield code="d">1953-</subfield><subfield code="e">Herausgeber</subfield><subfield code="4">edt</subfield></datafield><datafield tag="700" ind1="1" ind2=" "><subfield code="a">Serota, Nicholas</subfield><subfield code="d">1946-</subfield><subfield code="e">Herausgeber</subfield><subfield code="4">edt</subfield></datafield><datafield tag="700" ind1="1" ind2=" "><subfield code="a">Pagé, Suzanne</subfield><subfield code="d">1941-</subfield><subfield code="e">Verfasser eines Vorworts</subfield><subfield code="4">wpr</subfield></datafield><datafield tag="700" ind1="1" ind2=" "><subfield code="a">Dickerman, Leah</subfield><subfield code="d">1964-</subfield><subfield code="e">Verfasser</subfield><subfield code="4">aut</subfield></datafield><datafield tag="710" ind1="2" ind2=" "><subfield code="a">Fondation Louis Vuitton</subfield><subfield code="e">Veranstalter</subfield><subfield code="4">orm</subfield></datafield><datafield tag="775" ind1=" " ind2=" "><subfield code="i">Französische Ausgabe</subfield><subfield code="z">978-2-38611-057-3</subfield></datafield><datafield tag="775" ind1=" " ind2=" "><subfield code="i">Englische Ausgabe</subfield><subfield code="z">978-2-38611-059-7</subfield></datafield><datafield tag="852" ind1="4" ind2=" "><subfield code="a">CH-000273-5</subfield><subfield code="c">G 2025/0130</subfield></datafield></record></collection>